00310nam a2200121Ia 4500008004100000041000800041082001500049100001700064245002700081260003700108300003200145365001100177240624s9999 xx 000 0 und d aeng a158.21 HAY aHAY LOUISE L aYOU CAN HEAL YOUR LIFE c2008aAustraliabHay House India axiii, : 253 : p. : cm. ; 22 cRSb20